00780nam a2200205 450000500170000001000150001702000260003203500140005803700090007208200080008110000310008924500640012025000100018426000640019427001290025830000200038794200220040799900190042995201260044820241021123208.0 aENG-142194 c200.00a9789389308013 aEN-125726 bDBAD a510 aRao, S. Balachandra973026 aVedic Mathematics and Science In Vedas/cS. Balachandra Rao aFirst aBengalurubNavakarnataka Publications Private Limitedc2019 aEmbassy Centre, Crescent RoadbBengalurue560001k080-22161900k080-22161901k080-22161902k080-22161914mnkpsales@gmail.com a172p.c22cm(pb) 2ddccENh510mRAO c206512d206512 001040708NFICaBNbBNd2024-10-21eDBADg200.00l0o510 RAOpEN-125726r2024-10-21 00:00:00t1v200.00w2024-10-21yEN